| 000 | 00969mam a2200289Ea 4500 | ||
|---|---|---|---|
| 008 | |||
| 020 | _a0723431051 (pbk) | ||
| 049 | _aMAIN | ||
| 090 |
_aRC683.5.P55 _bFOW |
||
| 100 | 1 | _aFowler, Noble O. | |
| 245 | 1 | 0 |
_aDiagnois in color : _bphysical signs in cardiology / _cNoble O. Fowler ; foreword by J. Willis Hurst. |
| 246 | 1 | 8 | _aPhysical signs in cardiology |
| 260 |
_aLondon : _bMosby, _c1999. |
||
| 300 |
_avi, 234 p. : _bill. (some col.) ; _c19 cm. |
||
| 440 | _aDiagnosis in color | ||
| 500 | _aIncludes index. | ||
| 504 | _aIncludes bibliographical references . | ||
| 650 | 0 |
_aHeart _xDiseases _xDiagnosis. |
|
| 650 | 0 | _aPhysical diagnosis. | |
| 650 | 0 | _aCardiological manifestations of general diseases. | |
| 650 | 1 | 2 |
_aCardiovascular Diseases _xdiagnosis _vatlases. |
| 907 |
_a.b10266252 _b01-02-11 _c16-09-09 |
||
| 003 | |||
| 005 | 20230120204053.0 | ||
| 040 | _cNUST | ||
| 942 |
_cBOOKS _kRC683.5.P55 _mFOW |
||
| 999 |
_c116581 _d116581 |
||